Responsible Design in Applied Linguistics: Theory and Practice (Запис № 447793)

МАРК-запис
000 -LEADER
fixed length control field 04252nam a22005655i 4500
001 - CONTROL NUMBER
control field 978-3-319-41731-8
003 - CONTROL NUMBER IDENTIFIER
control field DE-He213
005 - DATE AND TIME OF LATEST TRANSACTION
control field 20210118131417.0
007 - PHYSICAL DESCRIPTION FIXED FIELD--GENERAL INFORMATION
fixed length control field cr nn 008mamaa
008 - FIXED-LENGTH DATA ELEMENTS--GENERAL INFORMATION
fixed length control field 160905s2017 gw | s |||| 0|eng d
020 ## - INTERNATIONAL STANDARD BOOK NUMBER
International Standard Book Number 9783319417318
-- 978-3-319-41731-8
024 7# - OTHER STANDARD IDENTIFIER
Standard number or code 10.1007/978-3-319-41731-8
Source of number or code doi
050 #4 - LIBRARY OF CONGRESS CALL NUMBER
Classification number LC8-6691
072 #7 - SUBJECT CATEGORY CODE
Subject category code CJ
Source bicssc
072 #7 - SUBJECT CATEGORY CODE
Subject category code EDU018000
Source bisacsh
072 #7 - SUBJECT CATEGORY CODE
Subject category code CJ
Source thema
082 04 - DEWEY DECIMAL CLASSIFICATION NUMBER
Classification number 407.1
Edition number 23
100 1# - MAIN ENTRY--PERSONAL NAME
Personal name Weideman, Albert.
Relator term author.
Relator code aut
-- http://id.loc.gov/vocabulary/relators/aut
245 10 - TITLE STATEMENT
Title Responsible Design in Applied Linguistics: Theory and Practice
Medium [electronic resource] /
Statement of responsibility, etc by Albert Weideman.
250 ## - EDITION STATEMENT
Edition statement 1st ed. 2017.
264 #1 -
-- Cham :
-- Springer International Publishing :
-- Imprint: Springer,
-- 2017.
300 ## - PHYSICAL DESCRIPTION
Extent XV, 239 p. 7 illus.
Other physical details online resource.
336 ## -
-- text
-- txt
-- rdacontent
337 ## -
-- computer
-- c
-- rdamedia
338 ## -
-- online resource
-- cr
-- rdacarrier
347 ## -
-- text file
-- PDF
-- rda
490 1# - SERIES STATEMENT
Series statement Educational Linguistics,
Міжнародний стандартний серійний номер для назви серії (ISSN) 1572-0292 ;
Том/ позначення послідовності 28
505 0# - FORMATTED CONTENTS NOTE
Formatted contents note Acknowledgements -- Prologue -- Chapter 1: The foundations of a discipline of design -- Chapter 2: A linguistic explanation for the foundations of applied linguistics -- Chapter 3: An inter-disciplinary view of applied linguistics -- Chapter 4: The scientific status of applied linguistics -- Chapter 5: Applied linguistics as a discipline of design -- Chapter 6: Technocratic and revolutionary designs: Three illustrations -- Chapter 7: Beyond method and towards accountability -- Chapter 8: Themes and styles of doing applied linguistics -- Chapter 9: Innovation and eclecticism: Resistance and continuity -- Chapter 10: A returning question: Defining the field of applied linguistics -- Chapter 11: Design principles and the future of applied linguistics -- Bibliography -- Index.
520 ## - SUMMARY, ETC.
Summary, etc No mere history of applied linguistics, this volume presents a framework for interpreting the development of applied linguistics as a discipline. It offers a systematic account of how applied linguistics has developed, articulating the philosophical premises that have informed both its emergence and its subsequent growth. It asks questions that are seldom asked: Where does the discipline derive from? Where is it heading? What directions has it already taken? Which direction should it embrace in future? What is the relative worth of all of the variation in design and methods that have been developed by applied linguists? In defining applied linguistics as a discipline of design, it takes us beyond the diffuse and sometimes contradictory conventional definitions of the field. The framework of design principles it proposes not only helps to explain the historical development of applied linguistics, but also provides a potential justification for solutions to language problems. It presents us with nothing less than an emerging theory of applied linguistics.
506 ## - RESTRICTIONS ON ACCESS NOTE
Terms governing access Available to subscribing member institutions only. Доступно лише організаціям членам підписки.
506 ## - RESTRICTIONS ON ACCESS NOTE
Standardized terminology for access restriction Online access from local network of NaUOA.
506 ## - RESTRICTIONS ON ACCESS NOTE
Standardized terminology for access restriction Online access with authorization at https://link.springer.com/
506 ## - RESTRICTIONS ON ACCESS NOTE
Standardized terminology for access restriction Онлайн-доступ з локальної мережі НаУОА.
506 ## - RESTRICTIONS ON ACCESS NOTE
Standardized terminology for access restriction Онлайн доступ з авторизацією на https://link.springer.com/
650 #0 - SUBJECT ADDED ENTRY--TOPICAL TERM
Topical term or geographic name as entry element Language and education.
650 #0 - SUBJECT ADDED ENTRY--TOPICAL TERM
Topical term or geographic name as entry element Applied linguistics.
650 14 - SUBJECT ADDED ENTRY--TOPICAL TERM
Topical term or geographic name as entry element Language Education.
-- http://scigraph.springernature.com/things/product-market-codes/O23000
650 24 - SUBJECT ADDED ENTRY--TOPICAL TERM
Topical term or geographic name as entry element Applied Linguistics.
-- http://scigraph.springernature.com/things/product-market-codes/N13000
710 2# - ADDED ENTRY--CORPORATE NAME
Corporate name or jurisdiction name as entry element SpringerLink (Online service)
773 0# - HOST ITEM ENTRY
Title Springer eBooks
776 08 - ADDITIONAL PHYSICAL FORM ENTRY
Display text Printed edition:
International Standard Book Number 9783319417295
776 08 - ADDITIONAL PHYSICAL FORM ENTRY
Display text Printed edition:
International Standard Book Number 9783319417301
776 08 - ADDITIONAL PHYSICAL FORM ENTRY
Display text Printed edition:
International Standard Book Number 9783319824161
830 #0 - SERIES ADDED ENTRY--UNIFORM TITLE
Uniform title Educational Linguistics,
-- 1572-0292 ;
Volume number/sequential designation 28
856 40 - ELECTRONIC LOCATION AND ACCESS
Uniform Resource Identifier <a href="https://doi.org/10.1007/978-3-319-41731-8">https://doi.org/10.1007/978-3-319-41731-8</a>
912 ## -
-- ZDB-2-EDA
942 ## - ADDED ENTRY ELEMENTS (KOHA)
Koha item type ЕКнига

Немає доступних примірників.